[Event "A20"]
[Site "Cleanchess.com   INT"]
[Date "2018.02.14"]
[Round "6"]
[White "Gretarsson,Hj"]
[Black "Lagarde,Max"]
[Result "0-1"]
[WhiteElo "2565"]
[BlackElo "2586"]

1.c4 e5 2.g3 Nc6 3.Bg2 Bc5 4.Nc3 d6 5.e3 a6 6.Nge2 Ba7 7.d4 Nf6 8.O-O O-O 9.h3
Re8 10.a3 Bf5 11.b4 exd4 12.exd4 Ne4 13.Be3 Bg6 14.Rc1 h6 15.Kh2 Bh7 16.Nxe4
Bxe4 17.Bxe4 Rxe4 18.Nc3 Re8 19.Qg4 Qc8 20.Qxc8 Raxc8 21.Rfd1 Ne7 22.g4 d5
23.c5 c6 24.Bf4 g5 25.Bd6 Bb8 26.Bxb8 Rxb8 27.a4 Ng6 28.b5 axb5 29.axb5 Nf4
30.b6 Kg7 31.Ra1 h5 32.Kg3 Kf6 33.h4 Rh8 34.Rh1 Ne6 35.hxg5+ Kxg5 36.gxh5 Nxd4
37.Ra4 Ne6 38.Ne2 Nxc5 39.Rg4+ Kh6 40.Nd4 Rhg8 41.Nf5+ Kh7 42.f3 Nd7 43.Re1
Nf6 44.Rxg8 Rxg8+ 45.Kh4 Re8 46.Rg1 Rg8 47.Ra1 Nd7 48.Re1 Nxb6 49.Re7 Rf8
50.Nd6 Kg7 51.Kg5 Nc8 52.Nf5+ Kh7 53.Rxb7 c5 54.Rc7 c4 55.Kf6 Nb6 56.Ke7 Rc8
57.Rb7 c3 58.Nd4 Rc4 59.Nc2 d4 60.Rxb6 d3 61.Ne3 c2 62.Nd5 c1=Q {#R} 0-1

[Event "A22"]
[Site "Cleanchess.com   INT"]
[Date "2018.02.14"]
[Round "6"]
[White "Harikrishna,P"]
[Black "Neiksans,A"]
[Result "1-0"]
[WhiteElo "2745"]
[BlackElo "2582"]

1.c4 e5 2.Nc3 Nf6 3.e3 Bb4 4.Nge2 O-O 5.a3 Bxc3 6.Nxc3 d5 7.cxd5 Nxd5 8.Qc2
Nc6 9.Be2 Be6 10.b4 Nxc3 11.Qxc3 a6 12.O-O Qd7 13.Bb2 Rad8 14.Rfd1 Bg4 15.f3
Bf5 16.a4 f6 17.b5 axb5 18.axb5 Ne7 19.e4 Be6 20.d4 exd4 21.Rxd4 Qc8 22.Rad1
Ng6 23.Bf1 Rxd4 24.Qxd4 Rf7 25.Qe3 Rd7 26.Rd4 Ne5 27.f4 Rxd4 28.Qxd4 Nd7 29.h3
b6 30.Ba3 Qe8 31.Qc3 Qd8 32.Kh2 h6 33.Be2 Nf8 34.e5 f5 35.Qc6 Bd5 36.Bc4 Bxc4
37.Qxc4+ Kh7 38.Bxf8 Qxf8 39.Qxc7 Qb4 40.e6 Qe4 41.e7 Kg6 42.Qxb6+ Kf7 43.Qd6
g5 44.Qe5 {#r} 1-0

[Event "A25"]
[Site "Cleanchess.com Israel ISR"]
[Date "2018.02.16"]
[Round "7.1"]
[White "Manor,I"]
[Black "Bar,R"]
[Result "0-1"]
[WhiteElo "2453"]
[BlackElo "2485"]

1.g3 e5 2.c4 Nc6 3.Bg2 g6 4.Nc3 Bg7 5.Rb1 a5 6.a3 Nf6 7.b4 axb4 8.axb4 O-O
9.b5 Nd4 10.e3 Re8 11.d3 Ne6 12.Nge2 c6 13.O-O d5 14.bxc6 bxc6 15.cxd5 cxd5
16.f4 exf4 17.gxf4 Ba6 18.f5 Nc5 19.Nb5 Rb8 20.Ba3 Qe7 21.Rf3 Bxb5 22.Rc1 Nfd7
23.Nf4 Ba4 24.Qf1 d4 25.f6 Qxf6 26.Nh5 Qe5 27.Nxg7 Kxg7 28.Rxf7+ Kg8 29.Bxc5
Nxc5 30.Rxc5 Qxc5 31.Qf6 Qc1+ 32.Bf1 Qxe3+ {#R} 0-1

[Event "A25"]
[Site "Cleanchess.com   INT"]
[Date "2018.02.14"]
[Round "6"]
[White "Ehlvest,J"]
[Black "Haldorsen,Benjamin"]
[Result "1-0"]
[WhiteElo "2536"]
[BlackElo "2405"]

1.c4 e5 2.Nc3 Nc6 3.g3 Bc5 4.Bg2 a6 5.d3 Ba7 6.Nf3 d6 7.Rb1 Nge7 8.b4 O-O
9.O-O h6 10.a4 f5 11.b5 axb5 12.axb5 Nd4 13.Nxd4 Bxd4 14.Nd5 Nxd5 15.Bxd5+ Kh8
16.e3 Bb6 17.Bd2 f4 18.exf4 exf4 19.Bxf4 Rxf4 20.gxf4 Bh3 21.Bg2 Qh4 22.Qf3
Bg4 23.Qg3 Qxg3 24.hxg3 Be2 25.Ra1 Rb8 26.Rfe1 Bxd3 27.Bf1 Bf5 28.Ra2 Kh7
29.Rd1 g6 30.Bd3 Be6 31.Re1 Bf7 32.f5 gxf5 33.Bxf5+ Kg7 34.Be6 Bg6 35.Bd5 h5
36.Kg2 c6 37.bxc6 bxc6 38.Bxc6 Bc5 39.Bd5 Rf8 40.Re7+ Kh6 41.f3 Rb8 42.Re1 Bf5
43.Rae2 Kg5 44.f4+ Kf6 45.Bf3 Bd3 46.Re6+ Kg7 47.Re7+ Kf8 48.Bd5 Rb2+ 49.Kh1
Bg6 50.f5 Bf2 51.fxg6 Bxe1 52.Rxe1 Kg7 53.Bf7 {#r} 1-0

[Event "A25"]
[Site "Cleanchess.com   INT"]
[Date "2018.02.14"]
[Round "6"]
[White "Mamedyarov,S"]
[Black "Xu,Xiangyu"]
[Result "1-0"]
[WhiteElo "2804"]
[BlackElo "2545"]

1.c4 e5 2.g3 g6 3.Bg2 Bg7 4.Nc3 Nc6 5.e3 Nge7 6.Nge2 d6 7.a3 Be6 8.Nd5 Qd7
9.d3 Nd8 10.Nxe7 Qxe7 11.b4 Qd7 12.h4 d5 13.c5 e4 14.Nd4 Bg4 15.Qd2 f5 16.Bb2
O-O 17.O-O Nf7 18.f3 exf3 19.Nxf3 Bxf3 20.Bxf3 Ne5 21.Be2 Rae8 22.Rf4 Re6
23.Rc1 Rfe8 24.Re1 c6 25.Kg2 Qe7 26.Bd1 Nd7 27.Bxg7 Qxg7 28.g4 Ne5 29.gxf5
gxf5+ 30.Kh1 Ng6 31.Rxf5 Nxh4 32.Rh5 Rh6 33.Rxh6 Qxh6 34.Qh2 Qf6 35.Bh5 Re5
36.Rg1+ Kf8 37.Qg3 Ng6 38.Qh3 Qh4 39.Rf1+ Kg7 40.Rf7+ Kg8 41.Qxh4 Nxh4 42.Rxb7
Rxh5 43.Rxa7 Re5 44.a4 Nf3 45.Kg2 Ne1+ 46.Kf1 Nxd3 47.b5 cxb5 48.c6 Rxe3
49.Ra8+ Kf7 50.c7 Re1+ 51.Kg2 Rc1 52.Ra7 Ke6 53.axb5 Kd7 54.b6 Rb1 55.Ra8 Rb2+
56.Kg3 Rc2 57.Rd8+ {#r} 1-0

[Event "A27"]
[Site "Cleanchess.com   INT"]
[Date "2018.02.14"]
[Round "6"]
[White "Safin,A"]
[Black "Kuybokarov,Temur"]
[Result "0-1"]
[WhiteElo "2229"]
[BlackElo "2472"]

1.c4 e5 2.Nc3 Nc6 3.Nf3 f5 4.d4 e4 5.d5 exf3 6.dxc6 fxg2 7.cxd7+ Qxd7 8.Qxd7+
Bxd7 9.Bxg2 O-O-O 10.Bg5 Re8 11.O-O-O h6 12.Be3 Nf6 13.Bd4 Bd6 14.e3 Ng4
15.Rd2 f4 16.c5 fxe3 17.fxe3 Be5 18.h3 Nxe3 19.Bxe5 Rxe5 20.Bxb7+ Kxb7 21.Rxd7
g5 22.Re1 Rhe8 23.b4 Nf5 24.Rxe5 Rxe5 25.Kd2 h5 26.Rh7 h4 27.Kd3 a6 28.Kc4 Kc6
29.a4 Ne7 30.b5+ axb5+ 31.axb5+ Kd7 32.b6 cxb6 33.cxb6 Kc8 34.Kd4 Re6 35.b7+
Kb8 36.Nd5 Nf5+ 37.Kc4 Nd6+ 38.Kd4 Re4+ 39.Kd3 Re1 40.Rg7 Rd1+ 41.Ke3 Rxd5
42.Kf3 Rd3+ 43.Kg4 Rg3+ 44.Kh5 Ne4 45.Re7 Nf2 46.Re2 Nxh3 47.Rh2 Nf4+ 48.Kh6
h3 {#R} 0-1

[Event "A28"]
[Site "Cleanchess.com Rochefort FRA"]
[Date "2018.02.18"]
[Round "3.4"]
[White "Dimitrov,R"]
[Black "Ikonnikov,Vy"]
[Result "1-0"]
[WhiteElo "2478"]
[BlackElo "2532"]

1.c4 e5 2.Nc3 Nc6 3.Nf3 Nf6 4.d4 e4 5.Ne5 h6 6.Bf4 Bb4 7.Nxc6 dxc6 8.e3 O-O
9.Be2 Bd6 10.Bg3 Bxg3 11.fxg3 Bf5 12.O-O Bg6 13.b4 a5 14.b5 cxb5 15.cxb5 Qd6
16.Qb3 b6 17.Rac1 Rad8 18.Bc4 Rd7 19.Ne2 Kh7 20.Nf4 Bf5 21.Nh5 Nxh5 22.Rxf5
Nf6 23.Be2 Qe7 24.Re5 Qd8 25.Rf5 g6 26.Rf4 Kg7 27.Rcf1 Rd6 28.Bc4 Qd7 29.a4
Re8 30.g4 Re7 31.h4 Nd5 32.Bxd5 Rxd5 33.Qc3 Kg8 34.Qc2 Qe6 35.Qf2 Rd6 36.h5 g5
37.Rf5 Kg7 38.Kh2 f6 39.d5 Qf7 40.Qb2 Red7 41.Qc3 Qe7 42.Qd4 Rd8 43.Rc1 R8d7
44.Kh3 Qe8 45.Rc4 Kf7 46.Qc3 Qe7 47.Qc2 Kg7 48.Rxe4 Qf7 49.Rc4 Re7 50.e4 Kh8
51.e5 Rxd5 52.Rxf6 Qg7 53.Rcc6 {#r} 1-0

[Event "A30"]
[Site "Cleanchess.com Newcastle ENG"]
[Date "2018.02.16"]
[Round "5.4"]
[White "Percivaldi,Martin"]
[Black "Gormally,D"]
[Result "1-0"]
[WhiteElo "2395"]
[BlackElo "2483"]

1.Nf3 Nf6 2.c4 e6 3.g3 b6 4.Bg2 Bb7 5.O-O c5 6.Nc3 Be7 7.d4 cxd4 8.Qxd4 O-O
9.Rd1 Nc6 10.Qf4 a6 11.b3 b5 12.Bb2 bxc4 13.bxc4 Na5 14.Na4 Bc6 15.c5 Nb7
16.Nb6 Rb8 17.Ne5 Bb5 18.Nbxd7 Bxd7 19.Nxd7 Nxd7 20.c6 {#r} 1-0

[Event "A30"]
[Site "Cleanchess.com   INT"]
[Date "2018.02.14"]
[Round "6"]
[White "Belous,V"]
[Black "Margvelashvili,G"]
[Result "0-1"]
[WhiteElo "2567"]
[BlackElo "2530"]

1.c4 Nf6 2.Nc3 c5 3.Nf3 b6 4.g3 Bb7 5.Bg2 e6 6.O-O a6 7.d3 Be7 8.e4 d6 9.Re1
O-O 10.e5 dxe5 11.Nxe5 Bxg2 12.Kxg2 Nfd7 13.Qf3 Ra7 14.Ng4 Qc8 15.Nd5 Bd8
16.Nh6+ gxh6 17.Bxh6 Kh8 18.Re4 exd5 19.Rg4 f5 20.Bg7+ Kg8 21.Bc3+ fxg4
22.Qxg4+ Kf7 23.Qh5+ Kg8 24.Qg4+ Kf7 25.Qh5+ Ke7 26.Qxd5 Ke8 27.Re1+ Be7
28.Kg1 Qc6 29.Qg5 Qd6 30.Qg4 Nc6 31.Re6 Qxd3 32.Rxc6 Kd8 33.Qe6 Qd1+ 34.Be1
Re8 35.Kg2 Rc7 36.Bc3 Rxc6 37.Qxc6 Qd6 38.Qa8+ Qb8 39.Qxa6 Kc7 40.f3 Bd6 {#R}
0-1

[Event "A30"]
[Site "Cleanchess.com Chrzanow POL"]
[Date "2018.02.13"]
[Round "6.4"]
[White "Nester,I"]
[Black "Pietruszewski,M"]
[Result "0-1"]
[WhiteElo "2340"]
[BlackElo "2249"]

1.Nf3 c5 2.c4 b6 3.d4 cxd4 4.Nxd4 Bb7 5.f3 d6 6.e4 Nf6 7.Nc3 e6 8.Be2 Be7
9.Be3 O-O 10.O-O a6 11.Rc1 Nbd7 12.Qd2 Rc8 13.Rfd1 Qc7 14.a3 Qb8 15.Kh1 Bd8
16.b4 Re8 17.Bg1 h5 18.Bf2 Ne5 19.Na4 Ba8 20.Nb3 Bc7 21.Bg3 Rcd8 22.Qg5 Ng6
23.h4 Bxe4 24.fxe4 Nxe4 25.Qe3 Nxg3+ 26.Qxg3 d5 27.Qh3 dxc4 28.Nd4 Nf4 29.Qf3
Nxe2 30.Qxe2 b5 31.Nc5 Qa8 32.Qxh5 Bf4 33.Nf3 g6 34.Qg4 Bxc1 35.Rxc1 Rd5
36.Ng5 Qd8 37.Rf1 Rf5 38.Rd1 Rd5 39.Rf1 Rf5 40.Rd1 Qf6 41.Nce4 Rf1+ 42.Rxf1
Qxf1+ 43.Kh2 Kg7 44.Qg3 e5 45.Nd6 Re7 46.Nc8 Re8 47.Nd6 Re7 48.Nc8 Qf4 {#R}
0-1

[Event "A30"]
[Site "Cleanchess.com   INT"]
[Date "2018.02.14"]
[Round "6"]
[White "Brattain,Mika"]
[Black "Sturt,R"]
[Result "1-0"]
[WhiteElo "2404"]
[BlackElo "2446"]

1.c4 c5 2.g3 Nc6 3.Bg2 d6 4.Nc3 g6 5.d3 Bg7 6.f4 h5 7.Nf3 Nh6 8.e4 Bg4 9.h3
Bxf3 10.Bxf3 Nd4 11.O-O Qd7 12.Bg2 e6 13.Be3 Ng8 14.Ne2 Ne7 15.Nxd4 cxd4
16.Bd2 Rc8 17.a4 O-O 18.b4 d5 19.f5 dxe4 20.f6 Bxf6 21.Rxf6 e3 22.Be1 Nf5
23.g4 Qe7 24.g5 b6 25.h4 Qd6 26.Be4 Qe5 27.Qf3 Rfd8 28.Rd1 Rd7 29.Kg2 Qc7
30.Bg3 Qd8 31.Kh3 Qf8 32.Rb1 Rcd8 33.Be5 a5 34.bxa5 bxa5 35.Bxf5 exf5 36.Rfb6
Qe8 37.Qf4 Re7 38.Bf6 e2 39.Bxe7 Qxe7 40.Re1 Qa3 41.Qf3 Qxa4 42.Rxe2 Qa1
43.Rbb2 Qc1 44.Rbc2 Qb1 45.c5 a4 46.c6 a3 47.c7 Rc8 48.Kg2 a2 49.Rxa2 Rxc7
50.Rab2 Qa1 51.Rbc2 Rxc2 52.Rxc2 Qe1 53.Re2 Qxh4 54.Qg3 Qg4 55.Qxg4 hxg4
56.Kg3 Kg7 57.Kf4 Kf8 58.Re5 f6 59.gxf6 Kf7 60.Kg5 g3 61.Re7+ Kf8 62.Kxg6 g2
63.Re1 f4 64.f7 g1=Q+ 65.Rxg1 f3 66.Re1 {#r} 1-0

[Event "A30"]
[Site "Cleanchess.com   INT"]
[Date "2018.02.14"]
[Round "6"]
[White "Meier,Geo"]
[Black "Vachier Lagrave,M"]
[Result "1-0"]
[WhiteElo "2647"]
[BlackElo "2793"]

1.Nf3 c5 2.c4 Nc6 3.Nc3 e5 4.e3 Nf6 5.d4 e4 6.Ne5 g6 7.Rb1 Bg7 8.Nxc6 dxc6
9.dxc5 Qxd1+ 10.Kxd1 O-O 11.h3 Re8 12.Bd2 Nd7 13.Na4 Ne5 14.Bc3 Be6 15.b3
Rad8+ 16.Kc2 Nd3 17.Bxd3 exd3+ 18.Kd2 Bh6 19.Bf6 Rd7 20.g4 Ra8 21.Nc3 Re8
22.f3 b5 23.cxb6 axb6 24.Ne4 Bg7 25.Bc3 f5 26.Nf6+ Bxf6 27.Bxf6 Kf7 28.g5 Ra8
29.Rb2 c5 30.h4 h5 31.Rc1 f4 32.e4 Bh3 33.Rg1 Ke6 34.a4 Raa7 35.Kc3 Kd6 36.Rd2
Kc6 37.Rh1 Be6 38.Rhd1 Bh3 39.Rxd3 Rxd3+ 40.Rxd3 Rd7 41.Rxd7 Kxd7 42.Kd2 Kd6
43.Ke2 Bc8 44.Bd8 Kc6 45.Be7 Be6 46.Kd2 Bh3 47.Bf6 Kd6 48.Ke2 Bd7 49.Bc3 Bc6
50.Kd3 Bb7 51.a5 bxa5 52.Bxa5 Bc8 53.b4 cxb4 54.Bxb4+ Ke5 55.Ba5 Kd6 56.Kd4
Bh3 57.Bd2 Bg2 58.Bxf4+ Kc6 59.Ke3 Bf1 60.Kd4 Be2 61.e5 Kd7 62.c5 Bxf3 63.Bh2
Ke6 64.Kc4 Kd7 65.Kb5 Kc7 66.e6+ Kb7 67.Bd6 Bd5 68.e7 Bc6+ 69.Kc4 Kc8 70.Kd4
Kd7 71.Ke5 Ke8 72.Kf6 Be4 73.c6 Bxc6 74.Kxg6 Bf3 75.Kf6 Bg4 76.Bb4 Be6 77.Kg7
Bf5 78.Kh6 Bg4 79.g6 Be2 80.g7 {#r} 1-0

[Event "A34"]
[Site "Cleanchess.com   INT"]
[Date "2018.02.14"]
[Round "6"]
[White "Hansen,Eric"]
[Black "Fedoseev,Vl3"]
[Result "1-0"]
[WhiteElo "2629"]
[BlackElo "2724"]

1.c4 Nf6 2.Nc3 c5 3.Nf3 b6 4.e3 e6 5.d4 Be7 6.d5 d6 7.e4 exd5 8.cxd5 O-O 9.h3
Re8 10.Bd3 a6 11.a4 Bf8 12.O-O Nbd7 13.Bf4 Nh5 14.Bg5 f6 15.Be3 g6 16.Nd2 Ng7
17.Re1 Ne5 18.Bf1 Bd7 19.Qb3 Qc7 20.f4 Nf7 21.Nc4 Reb8 22.e5 fxe5 23.fxe5 dxe5
24.d6 Qb7 25.Nxe5 Be6 26.Bc4 Bxd6 27.Bxe6 Bxe5 28.Bd5 Qa7 29.Rf1 Rf8 30.Bxa8
Qxa8 31.Rae1 Nf5 32.Bf2 Qb8 33.Nd5 Qd6 34.Nxb6 Rb8 35.a5 Kg7 36.Rd1 Nd4 37.Qc4
Ng5 38.b4 Qf6 39.Bxd4 Bxd4+ 40.Kh1 Qe5 41.Nd7 Qg3 42.Rxd4 Re8 43.Rd3 {#r} 1-0

[Event "A35"]
[Site "Cleanchess.com Lutsk UKR"]
[Date "2018.02.18"]
[Round "9.4"]
[White "Gritsak,O"]
[Black "Solovchuk,A"]
[Result "0-1"]
[WhiteElo "2469"]
[BlackElo "2364"]

1.Nf3 c5 2.c4 Nc6 3.Nc3 g6 4.e3 Bg7 5.d4 d6 6.Be2 Nf6 7.O-O O-O 8.d5 Nb8 9.h3
e5 10.dxe6 fxe6 11.Ng5 Qe7 12.Nge4 Rd8 13.Nxf6+ Bxf6 14.Ne4 Bg7 15.Qc2 Nc6
16.Bd2 b6 17.Bc3 d5 18.Bxg7 Kxg7 19.Nd2 Bb7 20.a3 Ne5 21.f4 Nf7 22.Qc3+ Qf6
23.Qxf6+ Kxf6 24.cxd5 exd5 25.Kf2 Nd6 26.Bf3 Ne4+ 27.Bxe4 dxe4 28.Rfd1 Rd3
29.Nc4 Rad8 30.Rxd3 Rxd3 31.b4 Bd5 32.Ne5 Rd2+ 33.Kf1 c4 34.Rc1 b5 35.Ng4+ Ke6
36.Nf2 h5 37.g4 Ra2 38.Rc3 h4 39.Ke1 Kd6 40.Nd1 Kc6 41.Rc1 Rxa3 42.Nc3 a5
43.bxa5 b4 44.Ne2 Kc5 {#R} 0-1

[Event "A36"]
[Site "Cleanchess.com Lutsk UKR"]
[Date "2018.02.18"]
[Round "10.2"]
[White "Solovchuk,A"]
[Black "Stupak,K"]
[Result "0-1"]
[WhiteElo "2364"]
[BlackElo "2559"]

1.c4 g6 2.Nc3 Bg7 3.g3 c5 4.Bg2 Nc6 5.d3 e6 6.Nf3 Nge7 7.O-O d5 8.Bg5 h6 9.Bd2
O-O 10.a3 b6 11.Rb1 Bb7 12.Qc1 Kh7 13.b4 cxb4 14.axb4 Rc8 15.cxd5 exd5 16.b5
d4 17.bxc6 Bxc6 18.Ne4 Bxe4 19.Qa3 Bc6 20.Qxa7 Nd5 21.Qa3 Re8 22.Rbe1 b5 23.e4
dxe3 24.fxe3 b4 25.Qa6 Nc3 26.Nh4 Bb5 27.Qb7 Re7 28.Qf3 Bxd3 29.Rf2 b3 {#R}
0-1

[Event "A37"]
[Site "Cleanchess.com Aarhus DEN"]
[Date "2018.02.17"]
[Round "8.3"]
[White "Kollars,Dmitrij"]
[Black "Thogersen,Rasmus"]
[Result "1-0"]
[WhiteElo "2509"]
[BlackElo "2334"]

1.c4 g6 2.g3 Bg7 3.Bg2 c5 4.Nc3 Nc6 5.a3 d6 6.Rb1 a5 7.Nf3 e5 8.O-O Nge7 9.Ne1
Be6 10.d3 O-O 11.Nc2 d5 12.cxd5 Nxd5 13.Ne3 Nde7 14.Nc4 Rb8 15.a4 Qd7 16.Ne4
b6 17.b3 h6 18.Bxh6 f6 19.Bd2 Nd4 20.f4 Bg4 21.Rf2 Nec6 22.Qf1 b5 23.axb5 Rxb5
24.e3 Nc2 25.fxe5 f5 26.Ned6 Rbb8 27.h3 Bxe5 28.hxg4 Bxd6 29.Bd5+ Kg7 30.Bc3+
{#r} 1-0

[Event "A38"]
[Site "Cleanchess.com   INT"]
[Date "2018.02.14"]
[Round "6"]
[White "Belous,V"]
[Black "He,Anthony"]
[Result "1-0"]
[WhiteElo "2567"]
[BlackElo "2246"]

1.c4 g6 2.Nf3 c5 3.g3 Bg7 4.Bg2 Nc6 5.O-O Nf6 6.Nc3 O-O 7.d3 d5 8.cxd5 Nxd5
9.Nxd5 Qxd5 10.Be3 Qd6 11.Rc1 Nd4 12.Nxd4 cxd4 13.Bf4 e5 14.Bd2 Be6 15.Qa4 Qb6
16.b3 Rfc8 17.Ba5 Qa6 18.Bc7 Qxa4 19.bxa4 Bh6 20.Rc2 Bxa2 21.Bxb7 Bb3 22.Rb2
Rxc7 23.Bxa8 Bxa4 24.Ra1 Bc2 25.Rb7 Rxb7 26.Bxb7 Bb3 27.Rxa7 Be6 28.Ba6 Bf8
29.Bc4 Bxc4 30.dxc4 Kg7 31.Rc7 Kf6 32.c5 Ke6 33.c6 Be7 34.Ra7 Bc5 35.Rxf7 {#r}
1-0

[Event "A39"]
[Site "Cleanchess.com   INT"]
[Date "2018.02.14"]
[Round "6"]
[White "Orlov,G"]
[Black "Vazquez,Guillermo"]
[Result "0-1"]
[WhiteElo "2481"]
[BlackElo "2436"]

1.Nf3 Nf6 2.c4 c5 3.g3 g6 4.Bg2 Bg7 5.O-O O-O 6.d4 cxd4 7.Nxd4 Nc6 8.Nc3 Nxd4
9.Qxd4 d6 10.Qd3 a6 11.Bg5 Rb8 12.b4 Bf5 13.e4 Be6 14.Rac1 Nd7 15.Nd5 f6
16.Be3 Bf7 17.f4 Rc8 18.Rfd1 f5 19.exf5 gxf5 20.Bf2 Kh8 21.Ne3 Bg6 22.a4 a5
23.Bxb7 Rb8 24.Bc6 axb4 25.Nd5 Nc5 26.Bxc5 dxc5 27.Qe2 Qd6 28.Nxe7 Bd4+ 29.Kg2
Bf7 30.Rxd4 cxd4 31.c5 Qf6 32.Qe5 Qxe5 33.fxe5 d3 34.Bb5 d2 35.Rd1 Rbd8 36.Kf2
Bb3 37.Ke2 Bxd1+ 38.Kxd1 b3 39.Bc4 b2 40.Ba2 f4 41.gxf4 Rxf4 42.Nd5 Rxd5
43.Bxd5 b1=Q+ 44.Kxd2 Rd4+ 45.Ke3 Qd3+ {#R} 0-1

[Event "A40"]
[Site "Cleanchess.com   INT"]
[Date "2018.02.14"]
[Round "6"]
[White "Pakleza,Z"]
[Black "Hilby,Craig"]
[Result "1-0"]
[WhiteElo "2496"]
[BlackElo "2390"]

1.d4 g6 2.Bf4 Bg7 3.Nf3 d6 4.e3 Nd7 5.h3 e5 6.Bh2 Nh6 7.Be2 O-O 8.O-O f5 9.c4
Nf7 10.Nc3 c6 11.Rc1 e4 12.Nd2 Qe7 13.b4 Nf6 14.Re1 b6 15.Nb3 Bb7 16.c5 d5
17.b5 Rfc8 18.a4 Nd7 19.bxc6 Bxc6 20.Ba6 Rd8 21.Bb5 Qe6 22.cxb6 Nxb6 23.Nc5
Qe8 24.Qe2 Nd6 25.Bxd6 Rxd6 26.a5 Nc8 27.Na6 Bxb5 28.Nxb5 Rxa6 29.Nc7 Qd7
30.Qxa6 Rb8 31.Nxd5 Ne7 32.Nxe7+ Qxe7 33.Rc8+ Rxc8 34.Qxc8+ Bf8 35.Rb1 {#r}
1-0

[Event "A40"]
[Site "Cleanchess.com Lutsk UKR"]
[Date "2018.02.18"]
[Round "8.4"]
[White "Stupak,K"]
[Black "Mikhalsky,Vladimir"]
[Result "1-0"]
[WhiteElo "2559"]
[BlackElo "2200"]

1.d4 g6 2.g3 Bg7 3.Bg2 d6 4.e4 Nd7 5.Ne2 e5 6.h3 a6 7.a4 b6 8.Nbc3 Ne7 9.Be3
Bb7 10.O-O O-O 11.Qd2 f5 12.Rad1 fxe4 13.Nxe4 Nf5 14.Bg5 Qc8 15.dxe5 Nxe5
16.b3 d5 17.N4c3 d4 18.Ne4 h6 19.Bf4 Kh7 20.h4 Nxh4 21.gxh4 Qg4 22.f3 Qxh4
23.Bg3 Qe7 24.Nf4 Rad8 25.Rde1 Qf7 26.Nd3 Nc6 27.Qf4 Qxf4 28.Bxf4 Rd7 29.Bg3
Rdf7 30.f4 Ne7 31.Ne5 Nf5 32.Bf2 Re7 33.Nf6+ Bxf6 34.Bxb7 c5 35.Bxa6 Nd6
36.Bd3 Nf5 37.Bxf5 gxf5 38.Kh2 Rfe8 39.Bg3 h5 40.Kh3 Rg8 41.Nf3 Re3 42.Rxe3
dxe3 43.Re1 Re8 44.Ne5 Bxe5 45.Rxe3 {#r} 1-0

[Event "A40"]
[Site "Cleanchess.com   INT"]
[Date "2018.02.14"]
[Round "6"]
[White "Bykhovsky,An ISR"]
[Black "Shabalov,A"]
[Result "0-1"]
[WhiteElo "2496"]
[BlackElo "2544"]

1.d4 Nc6 2.Nf3 d6 3.c4 Bg4 4.Nc3 Nf6 5.d5 Nb8 6.Qb3 Qc8 7.e4 Bxf3 8.gxf3 g6
9.h4 c6 10.Be3 Bg7 11.Rc1 O-O 12.Be2 Na6 13.Qd1 e6 14.Qd2 h5 15.Kf1 Re8 16.Kg2
exd5 17.cxd5 c5 18.Nb5 Qd7 19.Bf4 Bf8 20.Qc3 Nh7 21.Rhg1 Nb4 22.Qb3 Qd8 23.a3
Na6 24.Nc3 Qxh4 25.Bg3 Qe7 26.Kh1 Bg7 27.Bd3 h4 28.Bh2 Ng5 29.f4 Nf3 30.Rg4 c4
31.Qxc4 Rac8 32.Qa4 Nc5 33.Qd1 Nxd3 34.Qxd3 Qxe4 35.Nxe4 Rxc1+ 36.Bg1 f5
37.Ng5 fxg4 38.Nxf3 gxf3 39.Kh2 Ree1 40.Qxg6 Rxg1 41.Qe8+ Bf8 42.Qe6+ Kh8
43.Qf6+ Kg8 44.Qe6+ Kh7 45.Qf5+ Kg7 46.Kh3 Rg2 47.Qd7+ Kh8 {#R} 0-1

[Event "A40"]
[Site "Cleanchess.com Lutsk UKR"]
[Date "2018.02.16"]
[Round "9.7"]
[White "Sergeev,Vl"]
[Black "Bernadskiy,V"]
[Result "0-1"]
[WhiteElo "2414"]
[BlackElo "2588"]

1.d4 g6 2.Nf3 Bg7 3.c3 d6 4.a4 f5 5.a5 Nf6 6.Bg5 Nbd7 7.Nbd2 h6 8.Bxf6 Nxf6
9.e3 O-O 10.Bd3 e6 11.e4 g5 12.exf5 exf5 13.O-O Be6 14.Re1 Qd7 15.Bc4 Bxc4
16.Nxc4 c6 17.Qc2 Ne4 18.Rad1 Rae8 19.d5 c5 20.Nfd2 Nf6 21.Qb3 g4 22.Nf1 f4
23.g3 Ne4 24.Ncd2 Ng5 25.gxf4 Nh3+ 26.Kg2 Nxf4+ 27.Kh1 Nh3 28.Ra1 Nxf2+ 29.Kg2
Nd3 30.Rxe8 Qxe8 31.Ng3 Rf2+ 32.Kh1 Rxd2 33.Qxb7 Nf2+ 34.Kg1 Qf8 35.Rf1 Qf3
36.Qc8+ Kh7 37.Qf5+ Qxf5 38.Nxf5 Nh3+ 39.Kh1 Be5 40.Ng3 Bxg3 41.hxg3 Kg6
42.Re1 Rxd5 43.Re7 a6 44.Ra7 Rd1+ 45.Kg2 Rd2+ 46.Kf1 Kf5 47.Rxa6 Ke4 48.Ra8
Kf3 49.Rf8+ Kxg3 50.a6 Rd1+ 51.Ke2 Ra1 52.Ra8 Nf4+ 53.Ke3 h5 54.c4 h4 55.Rf8
Ng2+ 56.Ke4 Rxa6 57.Kd5 h3 58.b3 Rb6 59.Rb8 Rxb8 {#R} 0-1

[Event "A40"]
[Site "Cleanchess.com Newcastle ENG"]
[Date "2018.02.15"]
[Round "3.8"]
[White "Muir,A"]
[Black "Haria,R"]
[Result "1-0"]
[WhiteElo "2286"]
[BlackElo "2376"]

1.d4 e6 2.c4 b6 3.e4 Bb7 4.Bd3 Bb4+ 5.Bd2 Bxd2+ 6.Nxd2 d6 7.Ne2 Ne7 8.O-O e5
9.f4 O-O 10.f5 Nd7 11.d5 c6 12.b4 b5 13.dxc6 Nxc6 14.a3 Nf6 15.cxb5 Ne7 16.Kh1
d5 17.Nc3 Rc8 18.Rc1 Rxc3 19.Rxc3 dxe4 20.Be2 Ned5 21.Rg3 Nf4 22.Nb3 e3 23.Nc5
Bd5 24.Rg1 Qa8 25.Qf1 g6 26.Rxe3 Rc8 27.fxg6 hxg6 28.Bf3 Kg7 29.Bxd5 N6xd5
30.Rf3 Rh8 31.Nd3 g5 32.Nxe5 Qb8 33.Qa1 f6 34.Ng4 Rh5 35.Nf2 g4 36.Rg3 Rxh2+
37.Kxh2 Ne2 38.Ne4 Nxg3 39.Nxg3 Qh8+ 40.Nh5+ Qxh5+ 41.Kg3 Ne3 42.Qc3 Nf5+
43.Kf2 g3+ 44.Ke1 Qg4 45.Kd2 Qf4+ 46.Kc2 Ne3+ 47.Kc1 Nc4+ 48.Kb1 Nd2+ 49.Ka1
Ne4 50.Qd4 Qf2 51.Qxf2 gxf2 52.Rf1 Kf7 53.a4 Ke6 54.a5 Kd5 55.Kb2 Kd6 56.Kc2
f5 57.Kd3 Kd5 58.Ke3 Kc4 59.b6 axb6 60.a6 Nf6 61.a7 {#r} 1-0

[Event "A41"]
[Site "Cleanchess.com Lutsk UKR"]
[Date "2018.02.16"]
[Round "5.3"]
[White "Matviishen,Viktor"]
[Black "Mikhaletz,L"]
[Result "1-0"]
[WhiteElo "2439"]
[BlackElo "2416"]

1.d4 d6 2.c4 e5 3.Nc3 exd4 4.Qxd4 Nc6 5.Qd2 g6 6.b3 Bh6 7.e3 Nge7 8.Bb2 O-O
9.Ne4 Bg7 10.Bxg7 Kxg7 11.Nf3 d5 12.cxd5 Nxd5 13.Rd1 Bf5 14.Bc4 {#r} 1-0

[Event "A41"]
[Site "Cleanchess.com Lutsk UKR"]
[Date "2018.02.18"]
[Round "10.4"]
[White "Omelja,A"]
[Black "Golubka,P"]
[Result "0-1"]
[WhiteElo "2439"]
[BlackElo "2503"]

1.d4 d6 2.c4 e5 3.Nf3 e4 4.Ng5 Nf6 5.Nc3 Bf5 6.h4 h6 7.Nh3 g6 8.f3 exf3 9.gxf3
Nh5 10.Nf4 Ng3 11.Rh2 Nxf1 12.Kxf1 Bg7 13.h5 g5 14.Ng2 Nc6 15.Be3 Qd7 16.Bf2
Bh3 17.Kg1 Bxg2 18.Kxg2 f5 19.e3 O-O 20.Rh1 Kh8 21.Rc1 a6 22.b3 Rae8 23.Qd3 f4
24.e4 g4 25.fxg4 Qxg4+ 26.Kf1 f3 27.Rh2 Qf4 {#R} 0-1

[Event "A41"]
[Site "Cleanchess.com Lutsk UKR"]
[Date "2018.02.18"]
[Round "9.6"]
[White "Sergeev,Vl"]
[Black "Golubka,P"]
[Result "0-1"]
[WhiteElo "2414"]
[BlackElo "2503"]

1.Nf3 d6 2.d4 Bg4 3.c4 g6 4.Nc3 Bg7 5.e3 c5 6.Be2 Nc6 7.d5 Na5 8.Nd2 Bxe2
9.Qxe2 Nf6 10.O-O O-O 11.Rd1 Nd7 12.Rb1 a6 13.a3 Bxc3 14.bxc3 Re8 15.e4 e5
16.Nf1 Qh4 17.g3 Qh3 18.Be3 f5 19.exf5 gxf5 20.f3 f4 21.Bf2 e4 22.fxe4 Ne5
23.gxf4 Ng4 24.Rd3 Nxf2 25.Rxh3 Nxh3+ 26.Kh1 Nxf4 27.Qg4+ Ng6 28.Ng3 Nxc4
29.Rxb7 Ne5 30.Qf5 Rab8 31.Rxb8 Rxb8 32.Qe6+ Kh8 33.Qf6+ Kg8 34.Nh5 Rb7
35.Qe6+ Rf7 36.Nf6+ Kg7 37.Nh5+ Kh6 38.Qh3 Kg5 39.Ng3 Rb7 40.Qf5+ Kh6 41.Qh5+
Kg7 42.Nf5+ Kf6 43.Qd1 Nf4 44.Nxd6 Rb2 45.Qf1 Nf3 46.e5+ Ke7 47.Nf5+ Kd8 {#R}
0-1

[Event "A41"]
[Site "Cleanchess.com Newcastle ENG"]
[Date "2018.02.15"]
[Round "2.7"]
[White "Greet,A"]
[Black "Welling,G"]
[Result "0-1"]
[WhiteElo "2458"]
[BlackElo "2320"]

1.d4 d6 2.Nf3 Bg4 3.e4 Nf6 4.h3 Bh5 5.Nc3 e6 6.Qe2 a6 7.g4 Bg6 8.g5 Nfd7 9.Nh4
e5 10.d5 b5 11.Nxg6 hxg6 12.h4 Be7 13.Bg2 Nb6 14.a4 b4 15.Nd1 a5 16.Ne3 N8d7
17.b3 Qc8 18.Bb2 Qa6 19.Qg4 O-O-O 20.Bf1 Qa7 21.Bb5 Kb8 22.O-O-O Rh5 23.Kb1
Nc5 24.Ng2 Qb7 25.Rhe1 Qc8 26.f3 Rdh8 27.Qg3 Qf8 28.f4 exf4 29.Qxf4 f6 30.Rf1
fxg5 31.Qe3 Qg8 32.Qe2 Rxh4 33.Nxh4 Rxh4 34.Bc6 Qc8 35.Rf7 Rxe4 36.Qxe4 Nxe4
37.Rxe7 Qf5 38.Rh1 Nxd5 39.Rh8+ Ka7 40.Bd4+ Nc5 41.Bxc5+ dxc5 42.Bxd5 Qxd5
43.Rxc7+ Kb6 44.Re7 c4 45.Rb8+ Ka6 46.Rbe8 Qd1+ 47.Ka2 Qxc2+ 48.Ka1 Qc3+
49.Kb1 Qxb3+ 50.Kc1 Qa3+ 51.Kd2 c3+ 52.Kd3 c2+ 53.Kxc2 Qxa4+ 54.Kd3 Qb3+
55.Kd4 Qc3+ 56.Kd5 Kb5 57.Rb8+ Ka4 58.Re4 Qd3+ 59.Rd4 Qf5+ 60.Kc4 g4 61.Rb6 g3
62.Rd1 Qc2+ 63.Kd4 {#R} 0-1